| 000 | 00000nam 2200000za 4500 |
| 001 | 9.838011 |
| 003 | CaOODSP |
| 005 | 20221107151257 |
| 007 | cr ||||||||||| |
| 008 | 170608s1984 onc #os f00| 0 eng d |
| 040 | |aCaOODSP|beng |
| 041 | |aeng|afre |
| 043 | |an-cn--- |
| 086 | 1 |aCS93-935/1981-PDF |
| 086 | 1 |aCS93-936/1981-PDF |
| 245 | 00|a1981 Census of Canada |h[electronic resource] : |bvolume 2 - provincial series : population, schooling = Recensement du Canada de 1981 : volume 2 - série provinciale : population, scolarité. |
| 246 | 11|aRecensement du Canada de 1981 : |bvolume 2 - série provinciale : population, scolarité |
| 260 | |aOttawa : |bStatistics Canada = Statistique Canada, |c1984. |
| 300 | |a2 v. |
| 500 | |aDigitized edition from print [produced by Statistics Canada]. |
| 500 | |aCover title. |
| 505 | 0 |a93-935. Yukon -- 93-936. Northwest Territories. |
| 546 | |aText in English and French. |
| 692 | 07|2gccst|aCensus |
| 692 | 07|2gccst|aPopulation |
| 692 | 07|2gccst|aEducation |
| 710 | 2 |aStatistics Canada. |
| 792 | |t1981 Census of Canada |efre|w(CaOODSP)9.838013 |
| 856 | 40|qPDF|s1.27 MB|uhttps://publications.gc.ca/collections/collection_2017/statcan/CS93-935-1981.pdf|zYukon |
| 856 | 40|qPDF|s1.31 MB|uhttps://publications.gc.ca/collections/collection_2017/statcan/CS93-936-1981.pdf|zNorthwest Territories |